000 01019cam a2200229 4500
001 ABS66635
008 030429n2003 000 0 eng u
035 _a(Sirsi) u122106
100 _aWatson, R.
245 2 _aA new role for the QS: managing health and safety in the UK construction industry
260 _c2003
490 _aBuilding Economist
_v March 2003, 12-17(6)
520 _aExamines the venture of quantity surveying professionals into a new role of planning superviser in the UK. Argues that this role has been created by the enactment of the CDM regulations, and adds that this new role is appropriate to the skills of a QS. Points out that Australia, though unaffected by these regulations, may follow the UK model.
590 _aABS
650 _aCONSTRUCTION (DESIGN AND MANAGEMENT) REGULATIONS 1994
650 _aHEALTH AND SAFETY REGULATIONS
650 _aPLANNING SUPERVISORS
650 _aQUANTITY SURVEYORS
650 _aAUSTRALIA
690 _aQuantity surveying
_96263
942 _n0
999 _c72558
_d72558